Quantum mechanics : an empiricist view

Αποθηκεύτηκε σε:
Λεπτομέρειες βιβλιογραφικής εγγραφής
Κύριος συγγραφέας: Van Fraasen, Bas C. 1941-
Μορφή: Βιβλίο
Γλώσσα:English
Δημοσίευση: Oxford [England] : New York : Clarendon Press, Oxford University Press, 1991
Θέματα:
Ετικέτες: Προσθήκη ετικέτας
Δεν υπάρχουν, Καταχωρήστε ετικέτα πρώτοι!

MARC

LEADER 00000cam a2200000 i 4500
001 1/27114
008 941103s1991 eng d
020 |a 019824861X  |c Ή45.00 (tent.) 
020 |a 0198239807  |c Ή12.95 (tent.) 
035 |l 10037748 
035 |a 1994  |c ΧΑΤΖΗΣΑΒΒΑΣ 
040 |a GR-MY-UA  |b gre  |e aacr 
041 0 |a eng 
082 0 |a 530.12  |2 (20) 
100 1 |a Van Fraasen, Bas C.  |d 1941- 
245 1 0 |a Quantum mechanics :  |b an empiricist view /  |c Bas C. van Fraassen 
260 |a Oxford [England] :   |a New York :   |b Clarendon Press,   |b Oxford University Press,   |c 1991 
300 |a xvi, 541 p.;  |b ill.;  |c 23 cm 
504 |a Includes bibliographical references (p. [502]-527) and index 
650 0 0 |a Quantum theory. 
650 0 0 |a Science  |x Philosophy. 
852 |a INST  |b SAMOS  |e 19941103  |h 530.12 VAN  |p 005300003327  |q 005300003327  |t BK  |y 0 
909 |a Σ  |b 034616